000 00563nam a22001937a 4500
005 20210906141607.0
008 210906b xxu||||| |||| 00| 0 eng d
020 _cRs.9499.00
040 _aLoreto College
041 _aEnglish
082 _a370
_bYOU
245 _aKnowledge and control
_bThe directions for the sociology of education
_cEdited by Michael F.D.Young
260 _aLondon
_bCollier-Macmillan Publishers
_c1971
300 _a289p
_b22cm
650 _aEducational sociology
700 _4ed.
_aYoung,Michael F.D.
850 _aLCLIB
942 _cBK
999 _c42782
_d93261